| 000 | 006490000a22002050004500 | ||
|---|---|---|---|
| 003 | LK-CoMWRAF | ||
| 005 | 20240922050311.0 | ||
| 008 | 230817t ||||| |||| 00| 0 eng d | ||
| 040 |
_aLK-CoMWRAF _dLK-CoMWRAF _eLK-CoMWRAF |
||
| 041 | _aeng | ||
| 082 |
_a303.69 _bODU |
||
| 100 | _aDuffy, O'Brendan | ||
| 245 | _aSelf determination and conflict regulation in Sri Lanka, Northern Ireland and beyond | ||
| 260 |
_bColombo: _aInternational Centre for Ethnic Studies, _c2003 |
||
| 300 | _a38 p. | ||
| 490 | _aICES lecture/ discussion | ||
| 520 | _aAddress given at the ICES Auditorium on 8 May, 2003 | ||
| 650 | _aCONFLICT RESOLUTION | ||
| 942 | _cBK | ||
| 999 |
_c634 _d634 |
||